• 首页
  • 本馆介绍
  • 公告通知
  • 最新文献
  • 馆藏检索
  • 电子资源
  • 读者导购
  • 参考咨询
  • 我的图书馆
  • 登录
  • 详细信息显示
  • 放入我的书架
  • 预约/预借图书
  • 作者相关作品
  • 分类相关作品
  • 丛书相关作品
  • 出版社相关作品

书目信息

  • 表格格式
  • 工作单格式
  • 卡片格式
题名:
隐私的权利
    
 
作者: 艾德曼 , 肯尼迪 著 ;吴懿婷 译
分册:  
出版信息: 北京   当代世界出版社  2003
页数: 346页
开本: 21cm
丛书名:
单 册:
中图分类: D971.23
科图分类:
主题词: 隐私--人身权--研究--美国 , 隐私 , 人身权
电子资源:
ISBN: 7-80115-693-5
000 00991nam0 2200277 450
001 1260549598
005 20121003164958.01
010    @a7-80115-693-5@dCNY20.00
100    @a20040302d2003 em y0chiy50 ea
101 1  @achi@ceng
102    @aCN@b110000
105    @ay z 000yy
200 1  @a隐私的权利@Ayin si de quan li@f[美]爱伦·艾德曼(Ellen Alderman),[美]卡洛琳·肯尼迪(Caroline Kennedy)著@g吴懿婷译
210    @a北京@c当代世界出版社@d2003
215    @a346页@d21cm
330    @a本书对美国公民的隐私权进行研究,结合案例阐述隐私与执法、隐私和我们自身、隐私与媒体、职场隐私、隐私与资讯等内容。
510 1  @aThe Right to Privacy@zeng
606 0  @a隐私@x人身权@x研究@y美国
606 0  @a隐私
606 0  @a人身权
690    @aD971.23@v4
701  0 @c(美)@a艾德曼@Aai de man@c(女,Alderman, Ellen)@4著
701  0 @c(美)@a肯尼迪@Aken ni di@c(女,Kennedy, Caroline)@4著
702  0 @a吴懿婷@Awu yi ting@c(法律)@4译
801  0 @aCN@bNLC@c20101222
905    @a10447@dD971.23@eJY5
    
    隐私的权利/[美]爱伦·艾德曼(Ellen Alderman),[美]卡洛琳·肯尼迪(Caroline Kennedy)著/吴懿婷译.-北京:当代世界出版社,2003
    346页;21cm
    
    
    ISBN 7-80115-693-5:CNY20.00
    本书对美国公民的隐私权进行研究,结合案例阐述隐私与执法、隐私和我们自身、隐私与媒体、职场隐私、隐私与资讯等内容。
●
相关链接 在E读中查询图书 在五车中查询图书 在当当中查询图书 在豆瓣中查询图书


正题名:隐私的权利     索取号:D971.23/JY5         预约/预借

序号 登录号 条形码 馆藏地/架位号 状态 备注
1 7813227   278132272   学院路分馆/ [索取号:D971.23/JY5] 在馆    
2 7813228   278132281   学院路分馆/ [索取号:D971.23/JY5] 在馆    
唐山师范学院图书馆 欢迎您!
大连网信软件有限公司© 版权所有